[Event "Las Varillas Cup Municipalidad"]
[Site "Las Varillas"]
[Date "2015.08.16"]
[Round "5.6"]
[White "Alessio, Sebastian"]
[Black "Gimenez, Ismael"]
[Result "0-1"]
[WhiteElo "1739"]
[BlackElo "2181"]
[PlyCount "56"]
[EventDate "2015.08.15"]
[EventType "swiss"]
[EventRounds "7"]
[EventCountry "ARG"]
[SourceTitle "EXT 2024"]
[Source "ChessBase"]
[SourceDate "2023.10.10"]
[SourceVersion "1"]
[SourceVersionDate "2023.10.10"]
[SourceQuality "1"]

1. e4 c5 2. Nf3 d6 3. d4 cxd4 4. Nxd4 Nf6 5. Nc3 a6 6. Be2 e5 7. Nf3 h6 8. h3 Nbd7 9. Be3 b5 10. a3 Bb7 11. Nd2 Be7 12. 0-0 0-0 13. f4 exf4 14. Bxf4 Ne5 15. Qe1 Qb6+ 16. Qf2 Qxf2+ 17. Rxf2 Rac8 18. Rd1 Rfe8 19. Kh2 Rc5 20. Be3 Rc7 21. Bf3 Rec8 22. Nb3 Nc4 23. Bc1 Nxa3 24. bxa3 Rxc3 25. Nd4 Nxe4 26. Re2 d5 27. Bb2 R3c7 28. Nf5 Bf8 0-1